000 00571nam a22001577a 4500
003 NUST
082 _a621
100 _aUsman , Muhammad
_91812
245 _aStudy of voids in ductile materials at microscopic level using Discrete Dislocations Plasticity simulations /
_cMuhammad Usman
264 _aIslamabad:
_bSMME- NUST.
_c2020.
300 _a52p. ;
_bSoft Copy,
_c30cm.
650 _aMS Mechanical Engineering
_9119495
700 _aSupervisor : Dr. Sana Waheed
_9122213
856 _uhttp://10.250.8.41:8080/xmlui/handle/123456789/13155
942 _2ddc
_cTHE
999 _c608748
_d608748